000 00423nam a2200181Ia 4500
001 3625
005 20260306145657.0
008 260306t2009||||xx |||||||||||||| ||spa||
041 _aESP
082 _a300.72
_bC264
100 _aCohen, Jacob
_eAUT
245 0 _aStatistical power analysis for the behavioral sciences
260 _c2009
300 _a
_c
650 _aGEN
654 _aCHU
942 _cLIB
_dJUS
_fJUS
_2ddc
_n
999 _c3625
_d3625